000 00847nam a2200289 a 4500
001 57290
003 BD-RjUL
005 20211209080506.0
008 161208b1977 xxu||||| |||| 001 0 eng d
020 _a013293647x
020 _a0132936399
035 _a(BD-RjUL)57414
040 _aBD-RjUL
_beng
_cBD-RjUL
_dBD-RjUL
041 _aeng
082 _223
_a303.4
_bPAE 1977
100 1 0 _aParsons, Talcott
_9170115
245 4 0 _aThe Evolution of Societies
_c Talcott Parsons and introduction by Jackson Toby
260 _aEnglewood Cliffs :
_bPrentice-Hall,
_c1977
300 _axii, 269 p. ;
_c22 cm.
500 _aIncludes index
650 _aSocial Evolution
_9170116
650 _aSocial history
_9172797
650 _aSocial change
_9170287
700 _aParsons, Talcott
_9170117
700 _aToby, Jackson
_9170118
942 _2ddc
_cBK
999 _c57290
_d57290